[Event "Ju Wenjun-A"]
[Site "Gatineau CAN"]
[Date "2023.11.28"]
[Round "5"]
[White "Lattafi, Youcef"]
[Black "Thibault, Mario"]
[Result "1-0"]
[WhiteElo "1940"]
[BlackElo "1631"]
[PlyCount "101"]
[EventDate "2023.10.31"]
[EventType "swiss"]
[EventRounds "7"]
[EventCountry "CAN"]

1. e4 c5 2. Nc3 g6 3. d4 cxd4 4. Qxd4 Nf6 5. Be3 Nc6 6. Qd2 Ng4 7. Bd4 Nxd4 8.
Qxd4 e5 9. Qd5 Qb6 10. Nd1 Bg7 11. Qb3 O-O 12. Qxb6 axb6 13. Nc3 Bh6 14. Nd5 f5
15. exf5 gxf5 16. Nxb6 Ra5 17. Bc4+ Kg7 18. Ne2 Rc5 19. Bb3 Rc6 20. Nd5 b6 21.
O-O Ba6 22. Ndc3 Rg6 23. Rfd1 Nf6 24. Ng3 Rg5 25. h4 Rxg3 26. fxg3 Be3+ 27. Kh1
Bd4 28. Rd2 Be3 29. Rd6 Bc5 30. Rdd1 Bd4 31. Rxd4 exd4 32. Na4 Re8 33. Nxb6 d3
34. cxd3 Bxd3 35. Nd5 Ng4 36. Nf4 Be4 37. Bd1 Ne5 38. b4 Rb8 39. a3 Rc8 40. a4
Rc3 41. b5 Kf7 42. Kh2 Ke7 43. a5 Kd6 44. b6 Kc6 45. Ne2 Ng4+ 46. Kg1 Re3 47.
Nd4+ Kb7 48. Bf3 Ne5 49. Bxe4+ Rxe4 50. a6+ Ka8 51. b7+ 1-0

[Event "Ju Wenjun-A"]
[Site "Gatineau CAN"]
[Date "2023.11.28"]
[Round "5"]
[White "Thompson, Francis"]
[Black "Seguin, Hubert"]
[Result "1-0"]
[WhiteElo "1760"]
[BlackElo "1481"]
[PlyCount "93"]
[EventDate "2023.10.31"]
[EventType "swiss"]
[EventRounds "7"]
[EventCountry "CAN"]

1. Nf3 d5 2. g3 Nf6 3. Bg2 c5 4. c4 e6 5. O-O Nc6 6. d4 Be7 7. Nc3 O-O 8. cxd5
exd5 9. Bf4 Nh5 10. Be3 c4 11. b3 Qa5 12. Bd2 Bb4 13. Qe1 Be6 14. bxc4 dxc4 15.
a3 Bxc3 16. Bxc3 Qd8 17. e4 Re8 18. Qd2 Nf6 19. Ng5 h6 20. d5 hxg5 21. dxc6
Qxd2 22. Bxd2 b5 23. a4 a6 24. axb5 axb5 25. Rab1 Rab8 26. Bxg5 Rec8 27. Rfc1
Rxc6 28. Bf4 Rb7 29. Rb4 Nd7 30. e5 Rcb6 31. Bxb7 Rxb7 32. Rcb1 Nc5 33. Rxb5
Rxb5 34. Rxb5 Nd3 35. Bd2 Kf8 36. f4 g6 37. Kf1 Ke7 38. Rb7+ Kd8 39. Ke2 Kc8
40. Rb6 Kc7 41. Rd6 Nc5 42. Ke3 f6 43. Ba5+ Kb7 44. Rb6+ Ka7 45. Rc6 Nb3 46.
Bb6+ Kb7 47. Rxe6 1-0

[Event "Ju Wenjun-A"]
[Site "Gatineau CAN"]
[Date "2023.12.05"]
[Round "6"]
[White "Arvisais, Eric"]
[Black "Jacques, Olivier"]
[Result "1-0"]
[WhiteElo "1313"]
[BlackElo "1390"]
[PlyCount "98"]
[EventDate "2023.10.31"]
[EventType "swiss"]
[EventRounds "7"]
[EventCountry "CAN"]
[TimeControl "90+30"]

1. d4 d5 2. c4 c6 3. Nc3 Nf6 4. cxd5 cxd5 5. Nf3 Nc6 6. Bg5 Bf5 7. e3 e6 8. a3
Be7 9. Bd3 Bxd3 10. Qxd3 O-O 11. O-O a6 12. h3 Rc8 13. Rfe1 h6 14. Bh4 b5 15.
b4 Re8 16. Rac1 Nd7 17. Bg3 Nb6 18. Ne2 Nc4 19. Nf4 Bd6 20. Rc3 e5 21. dxe5
Bxe5 22. Nxe5 Rxe5 23. Ne2 Re6 24. Nd4 Nxd4 25. Qxd4 Rec6 26. Qg4 Nd6 27. Rxc6
Rxc6 28. Bh4 f6 29. Qe6+ Kh8 30. Qxd5 Qb6 31. Bg3 Nc4 32. Rc1 Ne5 33. Rxc6 Qxc6
34. Qxc6 Nxc6 35. Kf1 Kg8 36. Ke2 Kf7 37. Kd3 Ke6 38. e4 Ne5+ 39. Bxe5 fxe5 40.
h4 h5 41. Ke3 g6 42. f4 Kf6 43. Kf3 Ke6 44. g4 Kf6 45. f5 gxf5 46. exf5 hxg4+
47. Kxg4 e4 48. Kf4 e3 49. Kxe3 Kxf5 1-0

[Event "Ju Wenjun-A"]
[Site "Gatineau CAN"]
[Date "2023.12.05"]
[Round "6"]
[White "Azar, Sebastien"]
[Black "Desjardins, Michel"]
[Result "1-0"]
[WhiteElo "2062"]
[BlackElo "1886"]
[PlyCount "23"]
[EventDate "2023.10.31"]
[EventType "swiss"]
[EventRounds "7"]
[EventCountry "CAN"]

1. e4 d5 2. exd5 Qxd5 3. Nf3 Bg4 4. Be2 Nc6 5. h3 Bh5 6. d4 O-O-O 7. c4 Qa5+ 8.
Bd2 Qa6 9. g4 Bg6 10. d5 Nb8 11. Nc3 e6 12. c5 1-0

[Event "Ju Wenjun-A"]
[Site "Gatineau CAN"]
[Date "2023.12.06"]
[Round "6"]
[White "Filion, Yves"]
[Black "Filion, Samuel"]
[Result "0-1"]
[WhiteElo "1472"]
[BlackElo "1499"]
[PlyCount "70"]
[EventDate "2023.10.31"]
[EventType "swiss"]
[EventRounds "7"]
[EventCountry "CAN"]

1. d4 d5 2. Bf4 Bf5 3. e3 Nf6 4. Bd3 Bg6 5. Nf3 e6 6. Ne5 Bd6 7. O-O Bxe5 8.
Bxe5 Nbd7 9. Bxf6 Nxf6 10. c4 dxc4 11. Qa4+ Qd7 12. Qxc4 O-O 13. Bxg6 hxg6 14.
Nc3 c6 15. Rac1 Nd5 16. Ne4 Nb6 17. Qe2 Rfd8 18. h4 Qe7 19. g3 Nd7 20. h5 Nf6
21. Nxf6+ Qxf6 22. hxg6 Qxg6 23. Kg2 Qe4+ 24. f3 Qd5 25. b3 g6 26. Rc5 Qd6 27.
Rh1 Kg7 28. Qb2 Rh8 29. Rhc1 f6 30. a4 Rh7 31. f4 Rah8 32. Kf3 Rh2 33. Qc3 b6
34. Rxc6 Qd5+ 35. e4 Qh5+ 0-1

[Event "Ju Wenjun-A"]
[Site "Gatineau CAN"]
[Date "2023.12.05"]
[Round "6"]
[White "Latreille, Etienne"]
[Black "Bastien, Andre"]
[Result "1-0"]
[WhiteElo "2106"]
[BlackElo "1756"]
[PlyCount "97"]
[EventDate "2023.10.31"]
[EventType "swiss"]
[EventRounds "7"]
[EventCountry "CAN"]

1. e4 e5 2. Nf3 Nc6 3. Bc4 Be7 4. O-O Bf6 5. Re1 Nge7 6. d4 Ng6 7. d5 Na5 8.
Bf1 b6 9. b4 Nb7 10. c4 O-O 11. c5 bxc5 12. bxc5 Nxc5 13. Ba3 Be7 14. Qc2 d6
15. Nbd2 Bg4 16. Re3 Rb8 17. Nb3 Nxb3 18. axb3 Qd7 19. Bc1 Rb7 20. Nd2 Nf4 21.
f3 Bh5 22. Rc3 Bd8 23. Nc4 Bg6 24. Na5 Rb6 25. Bc4 a6 26. Be3 Rb5 27. Nc6 Nxd5
28. Bxd5 Rxd5 29. Rxa6 Rb5 30. Ra7 Qe6 31. Qd3 Rb6 32. Bxb6 cxb6 33. Nxd8 Rxd8
34. Qd5 Qf6 35. Ra8 h6 36. Rxd8+ Qxd8 37. Rc6 Qg5 38. b4 Qe3+ 39. Kf1 Bh5 40.
Qd1 d5 41. exd5 e4 42. g4 Bg6 43. Rxg6 fxg6 44. d6 Qg5 45. d7 Qd8 46. fxe4 Kf7
47. e5 h5 48. Qd5+ Ke7 49. Qd6+ 1-0

[Event "Ju Wenjun-A"]
[Site "Gatineau CAN"]
[Date "2023.12.05"]
[Round "6"]
[White "Raymond, Daniel"]
[Black "Dupont-Mageau, Nicolas"]
[Result "1/2-1/2"]
[WhiteElo "1753"]
[BlackElo "1774"]
[PlyCount "57"]
[EventDate "2023.10.31"]
[EventType "swiss"]
[EventRounds "7"]
[EventCountry "CAN"]

1. e4 c5 2. Nf3 d6 3. d4 cxd4 4. Nxd4 Nf6 5. Nc3 a6 6. Be3 e6 7. f3 Be7 8. Qd2
Nc6 9. g4 Qc7 10. g5 Nd7 11. h4 Nde5 12. Be2 b5 13. O-O-O Nc4 14. Bxc4 bxc4 15.
f4 Rb8 16. Rhf1 Qb7 17. b3 Bd7 18. f5 e5 19. Nde2 cxb3 20. cxb3 g6 21. Nd5 O-O
22. Nxe7+ Nxe7 23. Nc3 Rfc8 24. Kb2 Rc6 25. Nd5 Nxd5 26. Qxd5 gxf5 27. exf5 Qb5
28. Rf2 Qxd5 29. Rxd5 1/2-1/2

[Event "Ju Wenjun-A"]
[Site "Gatineau CAN"]
[Date "2023.12.05"]
[Round "6"]
[White "Seguin, Hubert"]
[Black "Guimond, Michel"]
[Result "0-1"]
[WhiteElo "1481"]
[BlackElo "1873"]
[PlyCount "39"]
[EventDate "2023.10.31"]
[EventType "swiss"]
[EventRounds "7"]
[EventCountry "CAN"]

1. e4 e6 2. d4 d5 3. e5 c5 4. c3 Nc6 5. Nf3 Qc7 6. Be2 h6 7. a3 c4 8. O-O Na5
9. Nbd2 Bd7 10. h3 O-O-O 11. Nh2 f5 12. exf6 gxf6 13. f4 Bd6 14. Ndf3 Nb3 15.
Rb1 Ba4 16. g3 Nxd4 17. Qe1 Nc2 18. Qd2 Bc5+ 19. Nd4 e5 20. fxe5 0-1

[Event "Ju Wenjun-A"]
[Site "Gatineau CAN"]
[Date "2023.12.05"]
[Round "6"]
[White "Thibault, Mario"]
[Black "Masse-Garneau, Anthony"]
[Result "0-1"]
[WhiteElo "1631"]
[BlackElo "1721"]
[PlyCount "107"]
[EventDate "2023.10.31"]
[EventType "swiss"]
[EventRounds "7"]
[EventCountry "CAN"]

1. d4 Nf6 2. Nc3 d5 3. Bf4 c6 4. e3 Bf5 5. f3 e6 6. g4 Bg6 7. h4 h5 8. g5 Ng8
9. Bd3 Ne7 10. Nge2 Nd7 11. Qd2 a6 12. e4 b5 13. a3 Nb6 14. b3 Nbc8 15. Qe3 Nd6
16. Kf2 Nb7 17. Rhe1 Qb6 18. b4 Rd8 19. Kg2 Nd6 20. Qf2 Nc4 21. Qg3 Rd7 22.
Bxc4 dxc4 23. Rad1 Qd8 24. Be3 Nc8 25. Nf4 Bd6 26. e5 Bc7 27. Nxg6 fxg6 28. Qf4
Ne7 29. Qe4 O-O 30. Bf2 Kh7 31. Qe2 Nd5 32. Nxd5 cxd5 33. c3 Rdf7 34. Rf1 Rf5
35. Be3 Qe7 36. f4 Ra8 37. Qc2 Rff8 38. Ra1 a5 39. Ra2 Ra7 40. Rfa1 Rfa8 41.
Kg3 Qf8 42. bxa5 Rxa5 43. Bc1 Bd8 44. a4 Qf5 45. Qxf5 gxf5 46. Rb2 Rxa4 47.
Rab1 Ra3 48. Rc2 Ra2 49. Rbb2 Rxb2 50. Rxb2 Ra3 51. Bd2 Ba5 52. Rxb5 Bxc3 53.
Bxc3 Rxc3+ 54. Kg2 0-1

[Event "Ju Wenjun-A"]
[Site "Gatineau CAN"]
[Date "2023.12.12"]
[Round "7"]
[White "Arseneault, Michel"]
[Black "Thompson, Francis"]
[Result "0-1"]
[WhiteElo "1828"]
[BlackElo "1760"]
[PlyCount "78"]
[EventDate "2023.10.31"]
[EventType "swiss"]
[EventRounds "7"]
[EventCountry "CAN"]

1. c4 Nf6 2. g3 g6 3. Bg2 Bg7 4. e4 e5 5. Nc3 O-O 6. Nge2 d6 7. O-O Nbd7 8. d3
c6 9. h3 Re8 10. Be3 Nc5 11. b4 Ne6 12. Qd2 Qc7 13. f4 exf4 14. gxf4 Bd7 15. d4
a5 16. b5 c5 17. d5 Nd4 18. Ng3 Qc8 19. Kh2 a4 20. Rae1 h5 21. Qf2 h4 22. Nge2
Nc2 23. Rc1 Nxe3 24. Qxe3 Bg4 25. Rce1 Bxe2 26. Rxe2 Nh5 27. Rf3 Ng3 28. Rxg3
hxg3+ 29. Qxg3 Qd8 30. e5 Qa5 31. Re3 Qb4 32. Bf1 Qb2+ 33. Re2 Qb4 34. Re3 Re7
35. e6 Rae8 36. Bd3 Qb2+ 37. Re2 Qxc3 38. exf7+ Kxf7 39. Qxg6+ Kf8 0-1

[Event "Ju Wenjun-A"]
[Site "Gatineau CAN"]
[Date "2023.12.12"]
[Round "7"]
[White "Guimond, Michel"]
[Black "Palsson, Halldor"]
[Result "1-0"]
[WhiteElo "1873"]
[BlackElo "1908"]
[PlyCount "61"]
[EventDate "2023.10.31"]
[EventType "swiss"]
[EventRounds "7"]
[EventCountry "CAN"]

1. e4 e6 2. d4 d5 3. e5 c5 4. c3 Nc6 5. Nf3 Qb6 6. Bd3 cxd4 7. cxd4 Bd7 8. O-O
Nxd4 9. Nxd4 Qxd4 10. Qe2 a6 11. Kh1 Ne7 12. f4 Nf5 13. g4 Nh6 14. Be3 Qb4 15.
a3 Qa5 16. Nc3 Bc6 17. Bd4 Be7 18. f5 Kd7 19. Rfb1 b5 20. b4 Qc7 21. a4 bxa4
22. Nxa4 Bb7 23. Rc1 Qb8 24. Nb6+ Ke8 25. Nxa8 Qxa8 26. Bxa6 Bxa6 27. Qxa6 Qxa6
28. Rxa6 exf5 29. Rc8+ Bd8 30. Ra7 Nxg4 31. Bb6 1-0

[Event "Ju Wenjun-A"]
[Site "Gatineau CAN"]
[Date "2023.12.12"]
[Round "7"]
[White "Jacques, Olivier"]
[Black "Filion, Yves"]
[Result "1-0"]
[WhiteElo "1390"]
[BlackElo "1472"]
[PlyCount "75"]
[EventDate "2023.10.31"]
[EventType "swiss"]
[EventRounds "7"]
[EventCountry "CAN"]
[TimeControl "90+30"]

1. e4 e6 2. d4 d5 3. Nd2 dxe4 4. Nxe4 Nd7 5. Bd3 Ndf6 6. Nxf6+ Nxf6 7. Nf3 c5
8. O-O cxd4 9. Nxd4 Bc5 10. Nf3 O-O 11. h3 Qc7 12. Qe2 b6 13. a3 Bb7 14. b4 Be7
15. Bb2 Rfd8 16. Rfd1 Rac8 17. Rac1 Nd5 18. Be4 h6 19. c4 Nf4 20. Rxd8+ Rxd8
21. Qc2 Bxe4 22. Qxe4 Nd3 23. Be5 Nxe5 24. Nxe5 f5 25. Qe3 Bd6 26. Rd1 Kh7 27.
f4 a5 28. Qb3 Bxe5 29. Rxd8 Qxd8 30. fxe5 Qd4+ 31. Kh1 Qxe5 32. bxa5 Qxa5 33.
Qb4 Qa7 34. Qd6 Qa4 35. Qb4 Qxb4 36. axb4 Kg8 37. c5 bxc5 38. b5 1-0

[Event "Ju Wenjun-A"]
[Site "Gatineau CAN"]
[Date "2023.12.12"]
[Round "7"]
[White "Masse-Garneau, Anthony"]
[Black "Raymond, Daniel"]
[Result "1-0"]
[WhiteElo "1721"]
[BlackElo "1753"]
[PlyCount "130"]
[EventDate "2023.10.31"]
[EventType "swiss"]
[EventRounds "7"]
[EventCountry "CAN"]

1. e4 c5 2. Nf3 Nc6 3. Nc3 d6 4. d4 cxd4 5. Nxd4 Nf6 6. f3 e6 7. Bg5 Be7 8. Qd2
a6 9. O-O-O d5 10. exd5 Nxd5 11. Bxe7 Ndxe7 12. Nxc6 Qxd2+ 13. Rxd2 Nxc6 14.
Be2 O-O 15. Rhd1 b5 16. Ne4 Nb4 17. a3 Nd5 18. Nc5 Ne3 19. Rg1 Ra7 20. g4 Rc7
21. b4 Nd5 22. c4 Nf4 23. cxb5 Nxe2+ 24. Rxe2 axb5 25. Rc2 e5 26. Rd1 h5 27. g5
Bf5 28. Rcd2 Ra7 29. Kb2 Rfa8 30. Rd8+ Kh7 31. Rxa8 Rxa8 32. Rd5 Kg6 33. h4 f6
34. gxf6 gxf6 35. Ne4 Bxe4 36. fxe4 Rb8 37. Kb3 Kf7 38. a4 bxa4+ 39. Kxa4 Ke6
40. Ra5 Rg8 41. Ra6+ Ke7 42. Ra7+ Ke6 43. Ra6+ Ke7 44. b5 Rg4 45. b6 Rxe4+ 46.
Ka5 Re1 47. b7 Ra1+ 48. Kb6 Rb1+ 49. Ka7 e4 50. b8=Q Rxb8 51. Kxb8 f5 52. Kc7
e3 53. Ra3 f4 54. Ra4 Kf6 55. Rxf4+ Ke5 56. Rf8 Ke4 57. Kd6 e2 58. Re8+ Kf3 59.
Re5 Kg4 60. Rxe2 Kxh4 61. Ke5 Kg3 62. Re3+ Kg4 63. Re4+ Kg3 64. Kf5 h4 65. Rg4+
Kh3 1-0

[Event "Ju Wenjun-A"]
[Site "Gatineau CAN"]
[Date "2023.12.12"]
[Round "7"]
[White "Rioux, Jocelyn"]
[Black "Thibault, Mario"]
[Result "1-0"]
[WhiteElo "1592"]
[BlackElo "1631"]
[PlyCount "51"]
[EventDate "2023.10.31"]
[EventType "swiss"]
[EventRounds "7"]
[EventCountry "CAN"]

1. d4 Nf6 2. Bf4 d6 3. e3 g6 4. Nf3 Bg7 5. Be2 c6 6. c3 O-O 7. Nbd2 Nbd7 8. Qc2
Re8 9. O-O-O b5 10. h4 Qa5 11. a3 c5 12. h5 Nxh5 13. Rxh5 gxh5 14. Ng5 Nf6 15.
Bxh5 Rf8 16. Rh1 Qa4 17. Qb1 Bb7 18. Nxh7 Ne4 19. Nxe4 f5 20. Neg5 Qc4 21. Nxf8
Rxf8 22. Nh7 Be4 23. Qa1 Rc8 24. Ng5 e6 25. Bf7+ Kf8 26. Bxd6# 1-0

[Event "Ju Wenjun-A"]
[Site "Gatineau CAN"]
[Date "2023.12.12"]
[Round "7"]
[White "Seguin, Hubert"]
[Black "Filion, Samuel"]
[Result "1-0"]
[WhiteElo "1481"]
[BlackElo "1499"]
[PlyCount "94"]
[EventDate "2023.10.31"]
[EventType "swiss"]
[EventRounds "7"]
[EventCountry "CAN"]
[TimeControl "90+30"]

1. e4 e6 2. d4 d5 3. e5 c5 4. c3 Nc6 5. Nf3 Nge7 6. Bd3 cxd4 7. cxd4 Qb6 8. Nc3
Nxd4 9. Nxd4 Bd7 10. Bc2 Ng6 11. Nf3 Bb4 12. Be3 Bxc3+ 13. bxc3 Qc7 14. Bd4 Ne7
15. O-O O-O 16. Qd3 Ng6 17. h4 a6 18. a4 Rfe8 19. h5 Nf8 20. g4 Bc6 21. g5 g6
22. h6 Nd7 23. Rfe1 Rac8 24. Nh2 b5 25. Ng4 Qd8 26. Nf6+ Nxf6 27. exf6 Qd7 28.
Be5 Ra8 29. Qd4 Rec8 30. Ra2 Kh8 31. Rea1 Kg8 32. axb5 Bxb5 33. Bd3 Bc4 34. Ra4
Bb5 35. Rb4 Qc6 36. Bxb5 axb5 37. Rab1 Ra4 38. Rxa4 bxa4 39. Qb4 Qc4 40. Ra1
Ra8 41. Qxc4 dxc4 42. Bd6 Ra6 43. Rb1 Ra8 44. Ba3 e5 45. Rb4 Rc8 46. Rxa4 Kh8
47. Kg2 Kg8 1-0

[Event "Ju Wenjun-B"]
[Site "Gatineau CAN"]
[Date "2023.10.31"]
[Round "1"]
[White "Hamelin, Joran"]
[Black "Piche, Danielle"]
[Result "1/2-1/2"]
[WhiteElo "974"]
[BlackElo "933"]
[PlyCount "106"]
[EventDate "2023.10.31"]
[EventType "swiss"]
[EventRounds "7"]
[EventCountry "CAN"]

1. e4 d5 2. Nc3 e5 3. Nxd5 Nf6 4. Nc3 Bg4 5. f3 Bh5 6. g4 Bg6 7. h4 h5 8. g5
Nfd7 9. d3 Nc6 10. f4 Bd6 11. Nd5 Qe7 12. Nxe7 Bxe7 13. f5 Bh7 14. Qxh5 g6 15.
fxg6 fxg6 16. Qh6 Bf8 17. Qxh7 Rxh7 18. Be3 O-O-O 19. a4 Nd4 20. Kd1 Bc5 21. c3
Nb3 22. Ra2 Bxe3 23. Nf3 Rf8 24. Ke2 Bc1 25. Bh3 Rhf7 26. Bxd7+ Kxd7 27. Nxe5+
Ke6 28. Nxf7 Rxf7 29. h5 Rh7 30. a5 a6 31. Rf1 Rxh5 32. d4 Bxg5 33. d5+ Ke5 34.
Ra3 Rh2+ 35. Rf2 Nc1+ 36. Kf1 Bf4 37. Kg1 Kxe4 38. Rxh2 Bxh2+ 39. Kxh2 Kxd5 40.
Ra1 Nb3 41. Rg1 Nxa5 42. Rg5+ Kc4 43. Rxa5 Kb3 44. Rc5 Kxb2 45. Rxc7 b5 46. Rc6
a5 47. Rc5 b4 48. Rxa5 Kxc3 49. Rg5 b3 50. Rxg6 b2 51. Rg1 Kb3 52. Rb1 Ka3 53.
Rxb2 Kxb2 1/2-1/2

[Event "Ju Wenjun-B"]
[Site "Gatineau CAN"]
[Date "2023.10.31"]
[Round "1"]
[White "Matkovsky, Taras"]
[Black "Gagne, Learry"]
[Result "1-0"]
[WhiteElo "1240"]
[BlackElo "1238"]
[PlyCount "67"]
[EventDate "2023.10.31"]
[EventType "swiss"]
[EventRounds "7"]
[EventCountry "CAN"]

1. e4 e5 2. Nf3 Nc6 3. Bb5 Nf6 4. d3 a6 5. Bxc6 bxc6 6. O-O Bd6 7. Re1 c5 8. c3
O-O 9. d4 Re8 10. d5 Bb7 11. c4 Qe7 12. Bg5 c6 13. Nc3 Bc7 14. Qc2 d6 15. Red1
cxd5 16. Rxd5 Bxd5 17. Nxd5 Qd8 18. Bxf6 gxf6 19. Nh4 f5 20. Nxf5 Kh8 21. Qe2
Rg8 22. Qh5 Qg5 23. Qxg5 Rxg5 24. Nxc7 Rag8 25. g3 R8g7 26. Nxd6 f6 27. Ne6 Rd7
28. Nxg5 fxg5 29. Rd1 h5 30. Kf1 Kg8 31. Ke1 Kf8 32. Rd5 Ke7 33. Nf5+ Ke6 34.
Rxd7 1-0

[Event "Ju Wenjun-B"]
[Site "Gatineau CAN"]
[Date "2023.10.31"]
[Round "1"]
[White "Simard, Paul"]
[Black "Albert, Michel"]
[Result "1-0"]
[WhiteElo "1274"]
[BlackElo "1140"]
[PlyCount "73"]
[EventDate "2023.10.31"]
[EventType "swiss"]
[EventRounds "7"]
[EventCountry "CAN"]
[TimeControl "60+30"]

1. d4 e6 2. c4 c5 3. e3 Nf6 4. Nc3 b6 5. Qf3 Nc6 6. Bd3 e5 7. d5 Nb4 8. Qe2 Bb7
9. a3 Nxd3+ 10. Qxd3 d6 11. Qc2 Bc8 12. Nf3 g6 13. O-O Bg7 14. b3 Bf5 15. e4
Bd7 16. Bg5 O-O 17. h3 Qc8 18. Ne2 h6 19. Bh4 Rb8 20. Qd2 Ne8 21. Be7 Nc7 22.
Bxf8 Kxf8 23. Qd3 b5 24. Nh4 Kg8 25. f4 Bf6 26. Nf3 Kg7 27. fxe5 dxe5 28. Ng3
Bxh3 29. gxh3 Qxh3 30. Nh2 a5 31. Nf5+ gxf5 32. Qxh3 bxc4 33. bxc4 Rg8 34. Qxf5
Kf8+ 35. Kh1 Ne8 36. Qc8 Rg3 37. Rxf6 1-0

[Event "Ju Wenjun-B"]
[Site "Gatineau CAN"]
[Date "2023.11.07"]
[Round "2"]
[White "El Kabiri, Houssam"]
[Black "Chenard, Paul"]
[Result "1-0"]
[WhiteElo "1265"]
[BlackElo "927"]
[PlyCount "55"]
[EventDate "2023.10.31"]
[EventType "swiss"]
[EventRounds "7"]
[EventCountry "CAN"]

1. e4 e5 2. Nf3 Nc6 3. d4 Bb4+ 4. c3 Ba5 5. b4 Bb6 6. d5 Nd4 7. cxd4 exd4 8.
Bb2 c5 9. bxc5 Ba5+ 10. Nbd2 d6 11. Bxd4 f6 12. Bc4 Bd7 13. O-O Ne7 14. Nb3 O-O
15. Nxa5 Qxa5 16. cxd6 Ba4 17. Bb3 Nc8 18. Bxa4 b5 19. d7 Nd6 20. Bb3 Rfd8 21.
Bc5 Nxe4 22. Nd4 Nxc5 23. Rc1 Nxd7 24. d6+ Kh8 25. Qg4 Ne5 26. Qg3 Rxd6 27. Ne6
Rd3 28. Qxg7# 1-0

[Event "Ju Wenjun-B"]
[Site "Gatineau CAN"]
[Date "2023.11.07"]
[Round "2"]
[White "Fiset, Daniel"]
[Black "Simard, Paul"]
[Result "1/2-1/2"]
[WhiteElo "1353"]
[BlackElo "1274"]
[PlyCount "66"]
[EventDate "2023.10.31"]
[EventType "swiss"]
[EventRounds "7"]
[EventCountry "CAN"]
[TimeControl "60+30"]

1. e4 c5 2. Nf3 d6 3. Bb5+ Bd7 4. Bxd7+ Qxd7 5. O-O Nf6 6. Nc3 g6 7. d4 cxd4 8.
Qxd4 Nc6 9. Qc4 Bg7 10. Ng5 O-O 11. Rd1 Rac8 12. Be3 b6 13. f4 Ng4 14. Bc1 h5
15. h3 Nf6 16. e5 Nxe5 17. Qb5 Nc6 18. Be3 Qc7 19. Rab1 Na5 20. Bd4 Nc4 21.
Bxf6 Bxf6 22. Nd5 Qc5+ 23. Qxc5 Rxc5 24. Nxf6+ exf6 25. Ne4 Rf5 26. g3 d5 27.
Rxd5 Ne3 28. Rxf5 Nxf5 29. Nxf6+ Kg7 30. Ne4 Re8 31. Re1 Nd4 32. Kf2 Nxc2 33.
Re2 Nb4 1/2-1/2

[Event "Ju Wenjun-B"]
[Site "Gatineau CAN"]
[Date "2023.11.07"]
[Round "2"]
[White "Gagne, Raphael"]
[Black "Arvisais, Eric"]
[Result "0-1"]
[WhiteElo "1184"]
[BlackElo "1313"]
[PlyCount "58"]
[EventDate "2023.10.31"]
[EventType "swiss"]
[EventRounds "7"]
[EventCountry "CAN"]

1. d4 d5 2. c4 c6 3. Nc3 dxc4 4. e4 b5 5. Nf3 Bg4 6. Be2 Nf6 7. e5 Nd5 8. O-O
e6 9. Bd2 Be7 10. a4 b4 11. Ne4 O-O 12. Bxc4 a5 13. h3 Bh5 14. Ng3 Bg6 15. Qb3
c5 16. Bxd5 Qxd5 17. Qxd5 exd5 18. Rac1 c4 19. Ng5 h6 20. Nf3 Nc6 21. Rfe1 Rfe8
22. e6 f6 23. Nh4 Bh7 24. b3 c3 25. Be3 Bd6 26. Ngf5 Rxe6 27. Nxd6 Rxd6 28. Bf4
Rdd8 29. Re6 Nxd4 0-1

[Event "Ju Wenjun-B"]
[Site "Gatineau CAN"]
[Date "2023.11.07"]
[Round "2"]
[White "Laflamme, Mathieu"]
[Black "Ballan, Alexis"]
[Result "1-0"]
[WhiteElo "1375"]
[BlackElo "1330"]
[PlyCount "33"]
[EventDate "2023.10.31"]
[EventType "swiss"]
[EventRounds "7"]
[EventCountry "CAN"]
[TimeControl "1"]

1. d4 d5 2. Nf3 Nf6 3. g3 e6 4. Bg2 Bd6 5. O-O O-O 6. c4 dxc4 7. Qc2 b5 8. a4
c6 9. Nc3 Bd7 10. axb5 cxb5 11. Ng5 h6 12. Bxa8 hxg5 13. e4 e5 14. Bxg5 exd4
15. Nd5 Qe8 16. Bxf6 gxf6 17. Nxf6+ 1-0

[Event "Ju Wenjun-B"]
[Site "Gatineau CAN"]
[Date "2023.11.07"]
[Round "2"]
[White "Piche, Danielle"]
[Black "Gagne, Learry"]
[Result "0-1"]
[WhiteElo "933"]
[BlackElo "1238"]
[PlyCount "76"]
[EventDate "2023.10.31"]
[EventType "swiss"]
[EventRounds "7"]
[EventCountry "CAN"]

1. d4 Nf6 2. Bf4 g6 3. Nf3 Bg7 4. e3 O-O 5. c4 d6 6. Nc3 Re8 7. Bd3 Nbd7 8. O-O
e5 9. dxe5 dxe5 10. Bg5 h6 11. Bxf6 Bxf6 12. Re1 Nc5 13. Bc2 Qxd1 14. Raxd1 e4
15. Nd2 Bxc3 16. bxc3 f5 17. Nb3 Na4 18. Rd2 Be6 19. c5 Nxc3 20. Nc1 Rad8 21.
Bb3 Rxd2 22. Bxe6+ Rxe6 23. a3 Rd1 24. Rf1 Rxf1+ 25. Kxf1 Na4 26. Nb3 Rc6 27.
Ke2 Nxc5 28. Nxc5 Rxc5 29. Kd2 a5 30. f4 b5 31. Ke2 b4 32. axb4 axb4 33. Kf2 b3
34. Kg3 b2 35. Kh4 b1=Q 36. g4 fxg4 37. Kxg4 Qg1+ 38. Kh3 Rh5# 0-1

[Event "Ju Wenjun-B"]
[Site "Gatineau CAN"]
[Date "2023.11.14"]
[Round "3"]
[White "Arcand, Pierre"]
[Black "Laflamme, Mathieu"]
[Result "0-1"]
[WhiteElo "1193"]
[BlackElo "1375"]
[PlyCount "86"]
[EventDate "2023.10.31"]
[EventType "swiss"]
[EventRounds "7"]
[EventCountry "CAN"]

1. e4 c6 2. Nf3 d5 3. exd5 cxd5 4. d4 Bg4 5. Be2 e6 6. h3 Bh5 7. Nc3 Nc6 8. a3
Qb6 9. g4 Bg6 10. Rb1 Bd6 11. Be3 Qc7 12. Nb5 Qe7 13. Nxd6+ Qxd6 14. Bd3 Nf6
15. Bxg6 fxg6 16. Nd2 O-O 17. c4 dxc4 18. Nxc4 Qd5 19. Rg1 Qxc4 20. Rc1 Qd5 21.
Rc5 Qd7 22. Qa4 Ne4 23. Rc2 Rac8 24. Ke2 a6 25. Rgc1 Qd5 26. Qc4 Na5 27. Qxd5
Rxc2+ 28. Rxc2 exd5 29. f3 Nf6 30. g5 Nh5 31. Rc5 Nc4 32. Kf2 Nxe3 33. Kxe3
Re8+ 34. Kd3 Nf4+ 35. Kc3 Re3+ 36. Kc2 Nxh3 37. Rxd5 Rxf3 38. Rd8+ Rf8 39. Rd5
h6 40. gxh6 gxh6 41. Rd6 Kg7 42. Rb6 Rf7 43. Rb3 Nf4 0-1

[Event "Ju Wenjun-B"]
[Site "Gatineau CAN"]
[Date "2023.11.14"]
[Round "3"]
[White "Ballan, Alexis"]
[Black "El Kabiri, Houssam"]
[Result "1-0"]
[WhiteElo "1330"]
[BlackElo "1265"]
[PlyCount "79"]
[EventDate "2023.10.31"]
[EventType "swiss"]
[EventRounds "7"]
[EventCountry "CAN"]

1. e4 e6 2. Nf3 d5 3. e5 f6 4. d4 Nc6 5. Bb5 a6 6. Bxc6+ bxc6 7. O-O c5 8. c3
Ne7 9. b4 cxd4 10. cxd4 Nc6 11. Bd2 Bxb4 12. Bxb4 Nxb4 13. Qa4+ Nc6 14. Qxc6+
Bd7 15. Qc1 O-O 16. exf6 Rxf6 17. Nc3 Bc8 18. Re1 Bb7 19. Ng5 Qd7 20. Qc2 g6
21. Re5 c5 22. dxc5 d4 23. Rd1 Qc6 24. f3 dxc3 25. Rd6 Qc7 26. Rdxe6 Rxe6 27.
Rxe6 Rf8 28. Qxc3 Qd7 29. Rd6 Qe7 30. Qc4+ Kh8 31. Ne4 Bxe4 32. Qxe4 Qxe4 33.
fxe4 Rc8 34. Rd5 Kg7 35. Kf2 Kf6 36. Ke3 Ke6 37. Kd4 Rc7 38. Rd6+ Ke7 39. Rxa6
Rd7+ 40. Rd6 1-0

[Event "Ju Wenjun-B"]
[Site "Gatineau CAN"]
[Date "2023.11.14"]
[Round "3"]
[White "Gagne, Learry"]
[Black "Hamelin, Joran"]
[Result "1/2-1/2"]
[WhiteElo "1238"]
[BlackElo "974"]
[PlyCount "48"]
[EventDate "2023.10.31"]
[EventType "swiss"]
[EventRounds "7"]
[EventCountry "CAN"]

1. e4 e5 2. Nf3 Nc6 3. Bb5 Nf6 4. O-O Bd6 5. Re1 O-O 6. c3 a6 7. Ba4 b5 8. Bb3
Na5 9. Bc2 c6 10. d4 Re8 11. Bg5 Nc4 12. Qc1 c5 13. d5 b4 14. Nbd2 Nxd2 15.
Qxd2 Be7 16. c4 d6 17. Bh4 Bg4 18. Ng5 h6 19. Nf3 Bxf3 20. gxf3 Nxe4 21. Rxe4
Bxh4 22. Rg4 Bg5 23. Qd3 g6 24. h4 Bxh4 1/2-1/2

[Event "Ju Wenjun-B"]
[Site "Gatineau CAN"]
[Date "2023.11.14"]
[Round "3"]
[White "Piche, Danielle"]
[Black "Gagne, Raphael"]
[Result "0-1"]
[WhiteElo "933"]
[BlackElo "1184"]
[PlyCount "54"]
[EventDate "2023.10.31"]
[EventType "swiss"]
[EventRounds "7"]
[EventCountry "CAN"]

1. d4 d5 2. Bf4 Nf6 3. Nf3 Nc6 4. e3 Bf5 5. c4 Nb4 6. Qa4+ Nc6 7. a3 e6 8. Qd1
Bd6 9. Bg3 Bxg3 10. hxg3 O-O 11. Nc3 Bg4 12. Be2 Ne7 13. O-O c6 14. Re1 Ng6 15.
Ne5 Bxe2 16. Qxe2 Nxe5 17. dxe5 Nd7 18. Red1 Nxe5 19. b3 Qb6 20. Rab1 Qa5 21.
Qb2 Rac8 22. b4 Qc7 23. c5 Nc4 24. Qa2 Qe5 25. Rd4 f5 26. f4 Qxe3+ 27. Qf2 Qxc3
0-1